00630nam a2200169 a 450000100100000000500170001000800410002704000250006808200150009310000360010824501100014426000400025430000270029404900090032195201130033099900170044300002169420200930011419.0100910s1962 dr a 000 0 spa d aDO-SdBNPbspacBNPHU axxxbM385c1 aMartínez, Julio César9126310aEl caso de "La Nación" ante la opinión pública /cJulio César Martínez, Rafael E. Ruiz Mejía. aSanto Domingo :bDel Caribe,c1962. a80 p. :bil. ;c25 cm. aBNPD 0010718PDaPDbPDcCTd2010-09-10iLF1l0oxxx M385cp21694-10r2020-06-25w2020-06-25yLFPDZNo se presta c21193d21193